Putera & prince

Bibliographic Details
Main Author: Amelly Ann Kising
Format: Book
Published: Kuala Lumpur : Ghostwriter , 2003
Subjects:

MARC

LEADER 00000cam a2200000 7i4500
001 0000011780
005 20160330.0
008 071119
020 |a 9832629071 
090 0 0 |a AME   |b MAL 
100 0 |a Amelly Ann Kising 
245 1 0 |a Putera & prince   |c Amelly Ann Kising 
260 |a Kuala Lumpur :   |b Ghostwriter ,   |c 2003 
500 |a Teenager ages 13-18 years old (blue) 
650 0 |a Malay fiction 
650 0 |a Novel 
650 0 |a Young adult fiction, Malay 
999 |a 0000909447   |b Book   |c Teenagers   |e Cawangan Bandar Tenggara 
999 |a 0001002090   |b Book   |c Teenagers   |e Perbadanan Perpustakaan Awam Johor 
999 |a 0001027212   |b Book   |c Teenagers   |e Perbadanan Perpustakaan Awam Johor 
999 |a 0001027213   |b Book   |c Teenagers   |e Perbadanan Perpustakaan Awam Johor